[Event "World Youth U-16 Olympiad 2018"]
[Site "Konya"]
[Date "2018.12.02"]
[Round "9"]
[White "Abdusattorov, Nodirbek"]
[Black "Huang, Renjie"]
[Result "1/2-1/2"]
[WhiteElo "2546"]
[BlackElo "2328"]
[Annotator "TA"]
[PlyCount "112"]
[EventDate "2018.11.25"]
[EventType "team-tourn"]
[EventCountry "TUR"]
[SourceTitle "playchess.com"]
[Source "ChessBase"]
[SourceQuality "1"]
[WhiteTeam "Uzbekistan"]
[BlackTeam "China"]
[WhiteTeamCountry "UZB"]
[BlackTeamCountry "CHN"]

1. e4 c5 2. Nf3 d6 3. d4 cxd4 4. Nxd4 Nf6 5. f3 e5 6. Nb3 d5 7. Bg5 dxe4 8. Qxd8+ Kxd8 9. fxe4 Be7 10. Bxf6 gxf6 11. Nc3 Be6 12. O-O-O+ Kc7 13. Nd5+ Bxd5 14. exd5 Nd7 15. Bd3 Nc5 16. Nxc5 Bxc5 17. Rhf1 Be7 18. d6+ Kxd6 19. Bf5+ Kc6 20. Rd7 Rhe8 21. Rfd1 Rab8 22. R1d3 Kb6 23. Rb3+ Kc6 24. Rc3+ Kb6 25. a3 a5 26. Be4 a4 27. Rcc7 f5 28. Bxb7 Bg5+ 29. Kb1 Re6 30. Bd5 Rd6 31. Bxf7 e4 32. Rxd6+ Kxc7 33. Rd5 Bf6 34. c3 Kc6 35. Rd2 e3 36. Rc2 f4 37. Kc1 Kc5 38. Re2 Rd8 39. Kc2 h6 40. Bh5 Bg5 41. Bf3 Bf6 42. Kc1 Be5 43. Re1 Bf6 44. Rd1 Re8 45. Kc2 Re5 46. Kd3 Re8 47. Kc2 Re5 48. Be2 Rg5 49. Rg1 Rd5 50. Rd1 Rg5 51. Bf3 Re5 52. Re1 Bh4 53. Re2 Re8 54. Kc1 Rd8 55. Be4 Bf2 56. Kc2 Bg1 1/2-1/2

[Event "World Youth U-16 Olympiad 2018"]
[Site "Konya"]
[Date "2018.12.02"]
[Round "9"]
[White "Erigaisi Arjun"]
[Black "Firouzja, Alireza"]
[Result "1/2-1/2"]
[WhiteElo "2531"]
[BlackElo "2607"]
[Annotator "TA"]
[PlyCount "31"]
[EventDate "2018.11.25"]
[EventType "team-tourn"]
[EventCountry "TUR"]
[SourceTitle "playchess.com"]
[Source "ChessBase"]
[SourceQuality "1"]
[WhiteTeam "India"]
[BlackTeam "Iran"]
[WhiteTeamCountry "IND"]
[BlackTeamCountry "IRI"]

1. d4 Nf6 2. c4 g6 3. Nf3 Bg7 4. g3 O-O 5. Bg2 d5 6. O-O Nc6 7. Ne5 dxc4 8. Nxc6 bxc6 9. Na3 Be6 10. Bxc6 Rb8 11. Bf3 Bd5 12. Bxd5 Qxd5 13. Qc2 Qxd4 14. Qxc4 Qxc4 15. Nxc4 Ne4 16. Be3 1/2-1/2

[Event "World Youth U-16 Olympiad 2018"]
[Site "Konya"]
[Date "2018.12.02"]
[Round "9"]
[White "Ivic, Velimir"]
[Black "Gadimbayli, Abdulla"]
[Result "1-0"]
[WhiteElo "2497"]
[BlackElo "2419"]
[Annotator "TA"]
[PlyCount "47"]
[EventDate "2018.11.25"]
[EventType "team-tourn"]
[EventCountry "TUR"]
[SourceTitle "playchess.com"]
[Source "ChessBase"]
[SourceQuality "1"]
[WhiteTeam "Serbia"]
[BlackTeam "Azerbaijan"]
[WhiteTeamCountry "SRB"]
[BlackTeamCountry "AZE"]

1. e4 e6 2. d4 d5 3. Nc3 Nc6 4. Nf3 Nf6 5. Bd3 Bb4 6. e5 Ne4 7. O-O Nxc3 8. bxc3 Bxc3 9. Rb1 Bb4 10. c3 Be7 11. Qd2 h6 12. Qf4 Na5 13. h4 Nc4 14. Qg4 Kf8 15. h5 b6 16. Ne1 Ba3 17. Nc2 Bxc1 18. Rbxc1 Ba6 19. Qe2 c5 20. f4 Qh4 21. Rf3 Qxh5 22. Qf2 Rc8 23. Rh3 Qg4 24. Rh4 1-0

[Event "World Youth U-16 Olympiad 2018"]
[Site "Konya"]
[Date "2018.12.02"]
[Round "9"]
[White "Matviishen, Viktor"]
[Black "Vlachos, Anatole"]
[Result "1/2-1/2"]
[WhiteElo "2492"]
[BlackElo "2405"]
[Annotator "TA"]
[PlyCount "66"]
[EventDate "2018.11.25"]
[EventType "team-tourn"]
[EventCountry "TUR"]
[SourceTitle "playchess.com"]
[Source "ChessBase"]
[SourceQuality "1"]
[WhiteTeam "Ukraine"]
[BlackTeam "Greece"]
[WhiteTeamCountry "UKR"]
[BlackTeamCountry "GRE"]

1. d4 f5 2. c4 Nf6 3. g3 e6 4. Bg2 Be7 5. Nf3 O-O 6. O-O d6 7. b3 Ne4 8. Bb2 a5 9. Nc3 Bf6 10. Qc2 d5 11. e3 c6 12. Ne2 a4 13. bxa4 Qa5 14. Rfc1 Qxa4 15. c5 Nd7 16. Nf4 Re8 17. Nd3 b6 18. Qxa4 Rxa4 19. cxb6 Nxb6 20. Rxc6 Nc4 21. Nfe5 Bxe5 22. dxe5 Bd7 23. Rc7 Bb5 24. Bd4 Nxe3 25. Bxe3 Bxd3 26. f3 d4 27. fxe4 dxe3 28. exf5 Bxf5 29. Rc3 e2 30. Re3 Rb8 31. Rxe2 Rb1+ 32. Rxb1 Bxb1 33. Bh3 Kf7 1/2-1/2

[Event "World Youth U-16 Olympiad 2018"]
[Site "Konya"]
[Date "2018.12.02"]
[Round "9"]
[White "Sargsyan, Shant"]
[Black "Esipenko, Andrey"]
[Result "1/2-1/2"]
[WhiteElo "2484"]
[BlackElo "2593"]
[Annotator "TA"]
[PlyCount "55"]
[EventDate "2018.11.25"]
[EventType "team-tourn"]
[EventCountry "TUR"]
[SourceTitle "playchess.com"]
[Source "ChessBase"]
[SourceQuality "1"]
[WhiteTeam "Armenia"]
[BlackTeam "Russia"]
[WhiteTeamCountry "ARM"]
[BlackTeamCountry "RUS"]

1. d4 Nf6 2. c4 e6 3. Nf3 b6 4. g3 Ba6 5. Qa4 c5 6. Bg2 Bb7 7. dxc5 bxc5 8. O-O Be7 9. Rd1 O-O 10. Bf4 Qb6 11. Qb3 Qxb3 12. axb3 Rd8 13. Nc3 a6 14. Bc7 Rc8 15. Bd6 Bxd6 16. Rxd6 Ne8 17. Rb6 Bc6 18. Nd2 Kf8 19. Na4 d6 20. b4 cxb4 21. Rxb4 Bxg2 22. Kxg2 Nc6 23. Rb6 Ne5 24. b3 Nd7 25. Rb7 Rc7 26. Rxc7 Nxc7 27. Ne4 Ke7 28. Rd1 1/2-1/2

[Event "World Youth U-16 Olympiad 2018"]
[Site "Konya"]
[Date "2018.12.02"]
[Round "9"]
[White "Vokhidov, Shamsiddin"]
[Black "Song, Yuxin"]
[Result "1-0"]
[WhiteElo "2480"]
[BlackElo "2206"]
[Annotator "TA"]
[PlyCount "99"]
[EventDate "2018.11.25"]
[EventType "team-tourn"]
[EventCountry "TUR"]
[SourceTitle "playchess.com"]
[Source "ChessBase"]
[SourceQuality "1"]
[WhiteTeam "Uzbekistan"]
[BlackTeam "China"]
[WhiteTeamCountry "UZB"]
[BlackTeamCountry "CHN"]

1. e4 c5 2. Nf3 d6 3. d4 cxd4 4. Nxd4 Nf6 5. f3 e5 6. Nb3 d5 7. Bg5 Be6 8. Bxf6 gxf6 9. exd5 Qxd5 10. Qxd5 Bxd5 11. Nc3 Be6 12. Nb5 Kd8 13. O-O-O+ Kc8 14. Nc3 Nd7 15. Nd5 Bxd5 16. Rxd5 Kc7 17. c3 Kc6 18. Rd1 Nc5 19. Na5+ Kc7 20. Kc2 b6 21. Nc4 Bh6 22. Nd6 Rhd8 23. Nxf7 Rxd1 24. Kxd1 Bg7 25. Kc2 Kd7 26. Bc4 Ke7 27. Rd1 b5 28. Bd5 Rc8 29. Nd6 Kxd6 30. Bb7+ Kc7 31. Bxc8 Kxc8 32. Rd5 Bf8 33. b4 Nd7 34. Rxb5 Nb6 35. a4 Nc4 36. Kb3 Ne3 37. a5 Nxg2 38. a6 Bh6 39. Rb7 Be3 40. c4 Nh4 41. c5 Nxf3 42. Rxa7 e4 43. Re7 Kb8 44. Kc4 Bf2 45. b5 Ne5+ 46. Kd5 Ng6 47. Rg7 e3 48. b6 Nf4+ 49. Kc6 e2 50. Rg8# 1-0

[Event "World Youth U-16 Olympiad 2018"]
[Site "Konya"]
[Date "2018.12.02"]
[Round "9"]
[White "Engel, Luis"]
[Black "Brilej, Jaka"]
[Result "1-0"]
[WhiteElo "2466"]
[BlackElo "2168"]
[Annotator "TA"]
[PlyCount "95"]
[EventDate "2018.11.25"]
[EventType "team-tourn"]
[EventCountry "TUR"]
[SourceTitle "playchess.com"]
[Source "ChessBase"]
[SourceQuality "1"]
[WhiteTeam "Germany"]
[BlackTeam "Slovenia"]
[WhiteTeamCountry "GER"]
[BlackTeamCountry "SLO"]

1. e4 c5 2. Nf3 Nc6 3. Bb5 Nf6 4. Bxc6 dxc6 5. d3 g6 6. h3 Bg7 7. Nc3 O-O 8. O-O e5 9. Be3 b6 10. Qd2 Qd6 11. Bh6 Nh5 12. Bxg7 Kxg7 13. Ne2 f6 14. g4 Nf4 15. Nxf4 exf4 16. e5 fxe5 17. Qc3 Ba6 18. Rfe1 Rae8 19. Re4 Re7 20. Rae1 Kg8 21. Nxe5 Rfe8 22. R1e2 g5 23. Qe1 Kf8 24. h4 gxh4 25. Rxf4+ Kg8 26. Rf5 Bc8 27. Rg5+ Rg7 28. Nc4 Rxe2 29. Qxe2 Qe6 30. Rxg7+ Kxg7 31. Qe5+ Kg6 32. Qh5+ Kg7 33. Qg5+ Kf8 34. Qd8+ Kg7 35. Ne3 Kg6 36. Qxh4 Qe5 37. Qd8 Be6 38. Qe8+ Kg5 39. Qe7+ Kg6 40. Qe8+ Kg5 41. Qh5+ Kf6 42. Qh6+ Ke7 43. Qxh7+ Kf8 44. b3 a5 45. Qe4 Qa1+ 46. Kg2 Qf6 47. Qxc6 Qf7 48. Qf3 1-0

[Event "World Youth U-16 Olympiad 2018"]
[Site "Konya"]
[Date "2018.12.02"]
[Round "9"]
[White "Niemann, Hans"]
[Black "Csiki, Endre"]
[Result "1-0"]
[WhiteElo "2449"]
[BlackElo "2272"]
[Annotator "TA"]
[PlyCount "103"]
[EventDate "2018.11.25"]
[EventType "team-tourn"]
[EventCountry "TUR"]
[SourceTitle "playchess.com"]
[Source "ChessBase"]
[SourceQuality "1"]
[WhiteTeam "United States"]
[BlackTeam "Hungary"]
[WhiteTeamCountry "USA"]
[BlackTeamCountry "HUN"]

1. d4 Nf6 2. c4 g6 3. Nc3 d5 4. Nf3 Bg7 5. cxd5 Nxd5 6. e4 Nxc3 7. bxc3 c5 8. h3 Nc6 9. Be3 O-O 10. Be2 Qc7 11. O-O e6 12. Qd2 Rd8 13. Rac1 b6 14. Bg5 f6 15. Bf4 Qe7 16. d5 e5 17. Be3 Na5 18. Nh2 f5 19. exf5 gxf5 20. Bg5 Bf6 21. Bxf6 Qxf6 22. Rfe1 Bb7 23. c4 Nc6 24. Nf3 Nd4 25. Nxd4 cxd4 26. Rcd1 Rac8 27. f4 e4 28. Qxd4 Qxd4+ 29. Rxd4 Rc5 30. g4 Bc8 31. gxf5 Bxf5 32. Bg4 Bxg4 33. hxg4 b5 34. cxb5 Rcxd5 35. Rdxe4 Rxb5 36. R1e2 Rd7 37. Kg2 Ra5 38. Kg3 Kf7 39. Kh4 Ra3 40. f5 Rad3 41. Kg5 R3d6 42. Re6 Kg8 43. Re8+ Kf7 44. R2e6 Rd2 45. Rh8 Kg7 46. f6+ Kf7 47. Re7+ Rxe7 48. Rxh7+ Kf8 49. Rxe7 Rxa2 50. Kg6 a5 51. Ra7 Re2 52. Ra8+ 1-0

[Event "World Youth U-16 Olympiad 2018"]
[Site "Konya"]
[Date "2018.12.02"]
[Round "9"]
[White "Thilakarathne, G M H"]
[Black "Kacharava, Nikolozi"]
[Result "0-1"]
[WhiteElo "2446"]
[BlackElo "2391"]
[Annotator "TA"]
[PlyCount "98"]
[EventDate "2018.11.25"]
[EventType "team-tourn"]
[EventCountry "TUR"]
[SourceTitle "playchess.com"]
[Source "ChessBase"]
[SourceQuality "1"]
[WhiteTeam "Sri Lanka"]
[BlackTeam "Georgia"]
[WhiteTeamCountry "SRI"]
[BlackTeamCountry "GEO"]

1. e4 e5 2. Nf3 Nf6 3. Nxe5 d6 4. Nf3 Nxe4 5. Nc3 Nxc3 6. dxc3 Be7 7. Be3 O-O 8. Qd2 Nd7 9. O-O-O c6 10. Bd3 d5 11. Rhe1 Nc5 12. Bxc5 Bxc5 13. Nd4 Qf6 14. Re3 Qh6 15. g3 Qxh2 16. Ree1 Qh6 17. Qxh6 gxh6 18. Rh1 Kg7 19. Rh2 Bxd4 20. cxd4 Bg4 21. Re1 Rae8 22. Rxe8 Rxe8 23. Kd2 b6 24. Rh1 c5 25. dxc5 bxc5 26. Re1 Re6 27. b3 h5 28. Rxe6 fxe6 29. f4 Kf6 30. c3 Bf5 31. b4 cxb4 32. cxb4 Bxd3 33. Kxd3 Kf5 34. Ke3 Kg4 35. a4 Kxg3 36. b5 h4 37. f5 exf5 38. a5 f4+ 39. Kd2 f3 40. b6 axb6 41. a6 f2 42. a7 f1=Q 43. a8=Q Qf4+ 44. Ke2 Qf2+ 45. Kd3 Qf3+ 46. Kd2 h3 47. Qg8+ Kf2 48. Qd8 h2 49. Qxb6+ Kg2 0-1

[Event "World Youth U-16 Olympiad 2018"]
[Site "Konya"]
[Date "2018.12.02"]
[Round "9"]
[White "Petriashvili, Nikoloz"]
[Black "Wijesinghe, N L C Dojitha"]
[Result "1-0"]
[WhiteElo "2441"]
[BlackElo "1825"]
[Annotator "RC"]
[PlyCount "55"]
[EventDate "2018.11.25"]
[EventType "team-tourn"]
[EventCountry "TUR"]
[SourceTitle "playchess.com"]
[Source "ChessBase"]
[SourceQuality "1"]
[WhiteTeam "Georgia"]
[BlackTeam "Sri Lanka"]
[WhiteTeamCountry "GEO"]
[BlackTeamCountry "SRI"]

1. d4 Nf6 2. Nf3 d5 3. Bf4 c5 4. c3 Nc6 5. dxc5 Nh5 6. Bc1 e5 7. e4 dxe4 8. Qxd8+ Nxd8 9. Nxe5 Bxc5 10. Bb5+ Ke7 11. Nd2 f5 12. Nb3 Bd6 13. Bg5+ Nf6 14. Nc4 Bc7 15. Ne3 Kf7 16. O-O-O a6 17. Bc4+ Kg6 18. Bxf6 gxf6 19. Nd5 Bd6 20. Nb6 Bf4+ 21. Kc2 Rb8 22. Nc5 Nf7 23. g3 Bc7 24. Nd5 Bd6 25. Nf4+ Bxf4 26. gxf4 Kg7 27. Nd7 Ra8 28. Rhg1+ 1-0

[Event "World Youth U-16 Olympiad 2018"]
[Site "Konya"]
[Date "2018.12.02"]
[Round "9"]
[White "Bjerre, Jonas Buhl"]
[Black "Can, Isik"]
[Result "1-0"]
[WhiteElo "2421"]
[BlackElo "2382"]
[Annotator "TA"]
[PlyCount "67"]
[EventDate "2018.11.25"]
[EventType "team-tourn"]
[EventCountry "TUR"]
[SourceTitle "playchess.com"]
[Source "ChessBase"]
[SourceQuality "1"]
[WhiteTeam "Denmark"]
[BlackTeam "Turkey"]
[WhiteTeamCountry "DEN"]
[BlackTeamCountry "TUR"]

1. e4 e5 2. Nf3 Nc6 3. Bb5 a6 4. Ba4 Nf6 5. O-O Be7 6. Re1 b5 7. Bb3 d6 8. c3 O-O 9. h3 Na5 10. Bc2 c5 11. d4 Qc7 12. d5 Nd7 13. b4 cxb4 14. cxb4 Nc4 15. a4 bxa4 16. Bxa4 Rb8 17. Qc2 Ndb6 18. Bb3 Bd7 19. Re3 Bb5 20. Nbd2 f5 21. Nxc4 Bxc4 22. Nd2 Bg5 23. Nxc4 Bxe3 24. Nxe3 Qxc2 25. Bxc2 f4 26. Nf5 Nc8 27. Rxa6 g6 28. Nh4 Rxb4 29. Ba3 Rc4 30. Rc6 Rxc6 31. dxc6 Kf7 32. Nf3 Kf6 33. Bb3 Re8 34. Bb4 1-0

[Event "World Youth U-16 Olympiad 2018"]
[Site "Konya"]
[Date "2018.12.02"]
[Round "9"]
[White "Muradli, Mahammad"]
[Black "Budisavljevic, Luka"]
[Result "1-0"]
[WhiteElo "2420"]
[BlackElo "2351"]
[Annotator "NA RC"]
[PlyCount "72"]
[EventDate "2018.11.25"]
[EventType "team-tourn"]
[EventCountry "TUR"]
[SourceTitle "playchess.com"]
[Source "ChessBase"]
[SourceQuality "1"]
[WhiteTeam "Azerbaijan"]
[BlackTeam "Serbia"]
[WhiteTeamCountry "AZE"]
[BlackTeamCountry "SRB"]

1. d4 e6 2. c4 Nf6 3. Nf3 c5 4. d5 d6 5. Nc3 exd5 6. cxd5 g6 7. Bf4 a6 8. a4 Bg7 9. h3 O-O 10. e3 Re8 11. Be2 Ne4 12. Nxe4 Rxe4 13. Nd2 Rb4 14. Nc4 Bxb2 15. Nxb2 Rxb2 16. O-O Rb4 17. Bd3 Qf6 18. Bg3 Nd7 19. f4 Nb6 20. e4 Bd7 21. a5 Na4 22. e5 Qg7 23. Bc2 Nc3 24. Qd2 Nb5 25. Rae1 Nd4 26. Bd3 Re8 27. exd6 Rxe1 28. Qxe1 Rb3 29. Qe7 Rxd3 30. Qxd7 Ne2+ 31. Kh2 Qf8 32. Re1 Rxd5 33. Rxe2 Qxd6 34. Qc8+ Kg7 35. Re8 Rd2 36. Rg8+ Kh6 1-0

[Event "World Youth U-16 Olympiad 2018"]
[Site "Konya"]
[Date "2018.12.02"]
[Round "9"]
[White "Kosakowski, Jakub"]
[Black "Schitco, Ivan"]
[Result "1/2-1/2"]
[WhiteElo "2415"]
[BlackElo "2387"]
[Annotator "TA"]
[PlyCount "151"]
[EventDate "2018.11.25"]
[EventType "team-tourn"]
[EventCountry "TUR"]
[SourceTitle "playchess.com"]
[Source "ChessBase"]
[SourceQuality "1"]
[WhiteTeam "Poland"]
[BlackTeam "Moldova"]
[WhiteTeamCountry "POL"]
[BlackTeamCountry "MDA"]

1. e4 c6 2. d4 d5 3. Nc3 dxe4 4. Nxe4 Bf5 5. Ng3 Bg6 6. Nh3 e6 7. Nf4 Qc7 8. h4 Bd6 9. Nxg6 hxg6 10. Ne4 Bf4 11. Bxf4 Qxf4 12. Ng5 Nf6 13. g3 Qd6 14. c3 Nbd7 15. Bg2 e5 16. Qc2 exd4 17. O-O-O O-O 18. Rxd4 Qc5 19. f4 Qf5 20. Ne4 Nc5 21. Bh3 Qxe4 22. Rxe4 Ncxe4 23. Re1 Nxg3 24. Qb3 b5 25. Bg2 Rac8 26. Qa3 Ngh5 27. f5 Nf4 28. Bf1 gxf5 29. Qxa7 Rfe8 30. Rxe8+ Rxe8 31. Kc2 N6d5 32. Kb3 Re1 33. Qf2 Re4 34. a3 Ne3 35. Be2 Nxe2 36. Qxe2 Nd5 37. Qh2 g6 38. h5 Kg7 39. hxg6 fxg6 40. Qd6 Ne7 41. Kc2 g5 42. b3 Kf7 43. c4 bxc4 44. b4 f4 45. Qh6 Re5 46. a4 Rf5 47. Qh5+ Ke6 48. a5 f3 49. a6 f2 50. Qe2+ Kd6 51. a7 f1=Q 52. Qxf1 Rxf1 53. a8=Q Rf2+ 54. Kd1 Rf5 55. Kd2 Nd5 56. Qb8+ Kd7 57. b5 c3+ 58. Kd3 Nf4+ 59. Kxc3 Rxb5 60. Qg8 Ne6 61. Kd3 Kd6 62. Qh8 Rd5+ 63. Ke4 Rd4+ 64. Ke3 c5 65. Qh2+ Rf4 66. Qb2 c4 67. Qb6+ Ke7 68. Qb7+ Kf6 69. Qb2+ Rd4 70. Qf2+ Ke7 71. Qf5 g4 72. Qh7+ Kd6 73. Qh2+ Rf4 74. Qd2+ Ke7 75. Qb4+ Kf6 76. Qb2+ 1/2-1/2

[Event "World Youth U-16 Olympiad 2018"]
[Site "Konya"]
[Date "2018.12.02"]
[Round "9"]
[White "Davtyan, Artur"]
[Black "Murzin, Volodar"]
[Result "1-0"]
[WhiteElo "2405"]
[BlackElo "2336"]
[Annotator "ChessBase"]
[PlyCount "85"]
[EventDate "2018.11.25"]
[EventType "team-tourn"]
[EventCountry "TUR"]
[SourceTitle "playchess.com"]
[Source "ChessBase"]
[SourceQuality "1"]
[WhiteTeam "Armenia"]
[BlackTeam "Russia"]
[WhiteTeamCountry "ARM"]
[BlackTeamCountry "RUS"]

1. d4 d5 2. c4 c6 3. Nf3 Nf6 4. Nc3 a6 5. c5 Nbd7 6. Bf4 g6 7. h3 Bg7 8. e3 O-O 9. Be2 Ne4 10. Qc2 Nxc3 11. Qxc3 f6 12. O-O e5 13. Bh2 Re8 14. b4 exd4 15. Nxd4 f5 16. a4 Nf6 17. Bd3 Ne4 18. Qc2 Qh4 19. b5 axb5 20. axb5 Rxa1 21. Rxa1 f4 22. Bxf4 Bxd4 23. g3 Qf6 24. exd4 Qxd4 25. Ra4 Qc3 26. Rxe4 Qa1+ 27. Kh2 dxe4 28. Bc4+ Be6 29. Qxe4 Qf6 30. bxc6 bxc6 31. Qxc6 Qf7 32. Bb5 Rc8 33. Qd6 Qf5 34. c6 Bf7 35. Ba6 Qc2 36. Qd4 g5 37. Bxc8 gxf4 38. Bd7 fxg3+ 39. Kxg3 Qc1 40. Qf4 Qa3+ 41. Kh2 Qe7 42. c7 Qxd7 43. Qg5+ 1-0

[Event "World Youth U-16 Olympiad 2018"]
[Site "Konya"]
[Date "2018.12.02"]
[Round "9"]
[White "Badelka, Olga"]
[Black "Parkhov, Yair"]
[Result "1-0"]
[WhiteElo "2385"]
[BlackElo "2334"]
[Annotator "NA"]
[PlyCount "139"]
[EventDate "2018.11.25"]
[EventType "team-tourn"]
[EventCountry "TUR"]
[SourceTitle "playchess.com"]
[Source "ChessBase"]
[SourceQuality "1"]
[WhiteTeam "Belarus"]
[BlackTeam "Israel"]
[WhiteTeamCountry "BLR"]
[BlackTeamCountry "ISR"]

1. d4 Nf6 2. c4 e6 3. Nc3 Bb4 4. e3 O-O 5. Nge2 Re8 6. a3 Bf8 7. d5 a5 8. Ng3 Na6 9. Be2 Nc5 10. e4 exd5 11. exd5 Bd6 12. Be3 Nce4 13. Ncxe4 Nxe4 14. Qc2 Nf6 15. Nf5 Bf8 16. O-O d6 17. Rfe1 a4 18. Nd4 Ng4 19. Bxg4 Bxg4 20. Nb5 Bd7 21. Nc3 Qf6 22. Qd2 Qg6 23. f3 Be7 24. Re2 Bh4 25. g3 Bf6 26. Ne4 Be5 27. Bd4 Qh5 28. Bxe5 Rxe5 29. f4 Ree8 30. Rae1 Kf8 31. c5 Bg4 32. Re3 dxc5 33. Nxc5 b6 34. Ne4 Bd7 35. d6 c5 36. Nc3 Rxe3 37. Rxe3 Re8 38. Rxe8+ Kxe8 39. Qe1+ Be6 40. Qe4 Qf5 41. Qxf5 Bxf5 42. Nxa4 Kd7 43. Nxb6+ Kxd6 44. Nc4+ Kc6 45. Kf2 Be6 46. Nd2 Kb5 47. Ke3 Bf5 48. Ne4 Be6 49. Ng5 Bd5 50. Nxh7 Kc4 51. Kd2 Kb3 52. Kc1 c4 53. f5 c3 54. bxc3 Kxc3 55. f6 g6 56. a4 Kd4 57. Kd2 Ke4 58. a5 Kf5 59. a6 g5 60. a7 Bb7 61. Ke3 Kg6 62. Nf8+ Kxf6 63. Nd7+ Kf5 64. h3 Kg6 65. Nb6 Kh5 66. a8=Q Bxa8 67. Nxa8 f5 68. Nc7 f4+ 69. Kf3 fxg3 70. Kxg3 1-0

[Event "World Youth U-16 Olympiad 2018"]
[Site "Konya"]
[Date "2018.12.02"]
[Round "9"]
[White "Gorshtein, Ido"]
[Black "Zarubitski, Viachaslau"]
[Result "1/2-1/2"]
[WhiteElo "2384"]
[BlackElo "2415"]
[Annotator "TA"]
[PlyCount "59"]
[EventDate "2018.11.25"]
[EventType "team-tourn"]
[EventCountry "TUR"]
[SourceTitle "playchess.com"]
[Source "ChessBase"]
[SourceQuality "1"]
[WhiteTeam "Israel"]
[BlackTeam "Belarus"]
[WhiteTeamCountry "ISR"]
[BlackTeamCountry "BLR"]

1. c4 Nf6 2. Nc3 e5 3. e3 Nc6 4. a3 d5 5. cxd5 Nxd5 6. Qc2 Nxc3 7. dxc3 Be6 8. Nf3 a6 9. b4 Be7 10. Bd3 Qd7 11. Bb2 Bb3 12. Qxb3 Qxd3 13. Rd1 Qg6 14. O-O e4 15. Nd4 O-O 16. Nxc6 Qxc6 17. c4 Rfd8 18. Bd4 Rd7 19. Rd2 Rad8 20. Rfd1 b5 21. Rc1 Bf6 22. Bxf6 Qxf6 23. Rxd7 Rxd7 24. Qc2 Qe6 25. cxb5 axb5 26. h3 g6 27. Qc5 Qa6 28. Qe5 Qxa3 29. Ra1 Qd3 30. Ra8+ 1/2-1/2

[Event "World Youth U-16 Olympiad 2018"]
[Site "Konya"]
[Date "2018.12.02"]
[Round "9"]
[White "Sankalp Gupta"]
[Black "Gholami Orimi, Mahdi"]
[Result "1/2-1/2"]
[WhiteElo "2378"]
[BlackElo "2343"]
[Annotator "NA"]
[PlyCount "116"]
[EventDate "2018.11.25"]
[EventType "team-tourn"]
[EventCountry "TUR"]
[SourceTitle "playchess.com"]
[Source "ChessBase"]
[SourceQuality "1"]
[WhiteTeam "India"]
[BlackTeam "Iran"]
[WhiteTeamCountry "IND"]
[BlackTeamCountry "IRI"]

1. d4 Nf6 2. Nf3 d5 3. Bf4 c5 4. e3 Nc6 5. c3 Qb6 6. b3 cxd4 7. exd4 Bf5 8. Bd3 Bxd3 9. Qxd3 e6 10. Nbd2 Be7 11. O-O O-O 12. b4 Rfc8 13. a4 Qd8 14. Rae1 Nh5 15. Bg3 Bf6 16. Nb3 Nxg3 17. hxg3 Rc7 18. g4 Rac8 19. Re3 Nb8 20. Rc1 Nd7 21. a5 Be7 22. Ree1 b6 23. axb6 axb6 24. b5 Bd6 25. Nbd2 Nf6 26. g5 Ne8 27. g3 Bb4 28. Nb1 Be7 29. Re5 Nd6 30. Kg2 g6 31. Rh1 Ne4 32. Qe3 Bf8 33. Qf4 Bg7 34. Rxe4 dxe4 35. Nfd2 e5 36. dxe5 Qd5 37. Nxe4 Bxe5 38. Qf3 Rd8 39. Re1 Qxb5 40. Nbd2 Qc6 41. Re3 b5 42. Nf1 Qd5 43. Nf6+ Bxf6 44. Re8+ Rxe8 45. Qxd5 Bxc3 46. Qxb5 Rce7 47. Ne3 Bg7 48. Ng4 Re6 49. Qd7 R8e7 50. Qc8+ Re8 51. Qd7 R6e7 52. Qb5 Rd8 53. Qb6 Red7 54. Qc6 Rd6 55. Qc7 R6d7 56. Qc6 Rd6 57. Qc7 R8d7 58. Qc8+ Rd8 1/2-1/2

[Event "World Youth U-16 Olympiad 2018"]
[Site "Konya"]
[Date "2018.12.02"]
[Round "9"]
[White "Spyropoulos, Nikolaos"]
[Black "Baidetskyi, Valentin"]
[Result "1/2-1/2"]
[WhiteElo "2373"]
[BlackElo "2394"]
[Annotator "NA"]
[PlyCount "61"]
[EventDate "2018.11.25"]
[EventType "team-tourn"]
[EventCountry "TUR"]
[SourceTitle "playchess.com"]
[Source "ChessBase"]
[SourceQuality "1"]
[WhiteTeam "Greece"]
[BlackTeam "Ukraine"]
[WhiteTeamCountry "GRE"]
[BlackTeamCountry "UKR"]

1. e4 e5 2. Nf3 d6 3. d4 exd4 4. Nxd4 Nf6 5. Nc3 Be7 6. g3 O-O 7. Bg2 Re8 8. O-O Bf8 9. h3 c6 10. g4 Na6 11. Re1 Nc5 12. Bf4 Nfd7 13. Bg3 a5 14. Qd2 Ne5 15. b3 Qb6 16. Rad1 a4 17. Nf5 axb3 18. axb3 Bxf5 19. gxf5 f6 20. Kh1 Qb4 21. f4 Nf7 22. Bf3 Nh6 23. Bf2 Rad8 24. Re2 d5 25. exd5 Rxe2 26. Nxe2 Ne4 27. Qxb4 Nxf2+ 28. Kg2 Bxb4 29. Kxf2 Nxf5 30. Rd3 Bc5+ 31. Ke1 1/2-1/2

[Event "World Youth U-16 Olympiad 2018"]
[Site "Konya"]
[Date "2018.12.02"]
[Round "9"]
[White "Subelj, Jan"]
[Black "Hereklioglu, Sude"]
[Result "1-0"]
[WhiteElo "2373"]
[BlackElo "1959"]
[Annotator "ChessBase"]
[PlyCount "41"]
[EventDate "2018.11.25"]
[EventType "team-tourn"]
[EventCountry "TUR"]
[SourceTitle "playchess.com"]
[Source "ChessBase"]
[SourceQuality "1"]
[WhiteTeam "Slovenia"]
[BlackTeam "Turkey"]
[WhiteTeamCountry "SLO"]
[BlackTeamCountry "TUR"]

1. e4 c5 2. Na3 e5 3. d3 Nc6 4. f4 d6 5. Nf3 Bg4 6. Be2 Bxf3 7. Bxf3 Nf6 8. O-O Be7 9. c3 O-O 10. Nc4 b5 11. Ne3 exf4 12. Nf5 Rc8 13. Bxf4 Kh8 14. Qe1 g6 15. Nxe7 Nxe7 16. Bh6 Re8 17. Bg5 Neg8 18. Qh4 Kg7 19. Bg4 Rb8 20. Rxf6 Nxf6 21. Rf1 1-0

[Event "World Youth U-16 Olympiad 2018"]
[Site "Konya"]
[Date "2018.12.02"]
[Round "9"]
[White "Lashkin, Jegor"]
[Black "Pacan-Milej, Kosma"]
[Result "1/2-1/2"]
[WhiteElo "2367"]
[BlackElo "2334"]
[Annotator "NA"]
[PlyCount "112"]
[EventDate "2018.11.25"]
[EventType "team-tourn"]
[EventCountry "TUR"]
[SourceTitle "playchess.com"]
[Source "ChessBase"]
[SourceQuality "1"]
[WhiteTeam "Moldova"]
[BlackTeam "Poland"]
[WhiteTeamCountry "MDA"]
[BlackTeamCountry "POL"]

1. Nf3 Nf6 2. c4 b6 3. g3 Bb7 4. Bg2 g6 5. O-O Bg7 6. Nc3 O-O 7. d4 Ne4 8. Nxe4 Bxe4 9. Be3 d6 10. Qd2 c5 11. Bh6 Nd7 12. Rfd1 Nf6 13. d5 Qd7 14. Bxg7 Kxg7 15. a4 a6 16. Qc3 b5 17. Bf1 Bxf3 18. exf3 bxa4 19. Qc2 Rfb8 20. Rd2 Rb3 21. Be2 Rab8 22. Bd1 e6 23. dxe6 Qxe6 24. Be2 Qe5 25. Ra2 Nd7 26. Bd1 Qf6 27. f4 Nb6 28. Rd3 Rb4 29. Rc3 Re8 30. Be2 Re6 31. Kg2 Qd4 32. Bd3 d5 33. Be2 dxc4 34. Bf3 Re1 35. h4 Rb3 36. Ra3 Qd7 37. Rcxb3 cxb3 38. Qc3+ Qd4 39. Qxe1 Qxb2 40. Ra1 c4 41. f5 Qf6 42. fxg6 hxg6 43. Be4 Qe5 44. Qb1 c3 45. Bc2 Qd5+ 46. Kg1 Qb5 47. Qe1 Qc5 48. h5 bxc2 49. hxg6 fxg6 50. Rc1 a3 51. Rxc2 Nd5 52. Qe5+ Kf7 53. Re2 c2 54. Qe8+ Kg7 55. Qd7+ Kh6 56. Qh3+ Kg7 1/2-1/2